[Event "NB II. Barcza csoport"]
[Site "Edeleny"]
[Date "2024.02.18"]
[Round "4.11"]
[White "Toth, Gergely"]
[Black "Berecz, Kristof"]
[Result "1/2-1/2"]
[WhiteElo "1586"]
[BlackElo "1641"]
[PlyCount "28"]
[EventDate "2023.10.08"]
[EventType "team-tourn"]
[EventRounds "9"]
[EventCountry "HUN"]
[Source "chess.hu"]
[WhiteTeam "Hajduboszormenyi SE"]
[BlackTeam "Edelenyi VSE"]
[WhiteTeamCountry "HUN"]
[BlackTeamCountry "HUN"]

1. e4 d5 2. exd5 Qxd5 3. Nc3 Qa5 4. d4 c6 5. Nf3 Nf6 6. Bd2 Bf5 7. Bc4 e6 8.
O-O Qc7 9. Be3 Bd6 10. h3 O-O 11. Bb3 Nbd7 12. Qe2 Rad8 13. Rad1 Rfe8 14. Rfe1
Bg6 1/2-1/2

[Event "NB II. Barcza csoport"]
[Site "Edeleny"]
[Date "2024.02.18"]
[Round "4.12"]
[White "Flasko, Adam"]
[Black "Henczel, Donat"]
[Result "1/2-1/2"]
[WhiteElo "1604"]
[BlackElo "1555"]
[PlyCount "24"]
[EventDate "2023.10.08"]
[EventType "team-tourn"]
[EventRounds "9"]
[EventCountry "HUN"]
[Source "chess.hu"]
[WhiteTeam "Edelenyi VSE"]
[BlackTeam "Hajduboszormenyi SE"]
[WhiteTeamCountry "HUN"]
[BlackTeamCountry "HUN"]

1. e4 c5 2. Nc3 e6 3. Bc4 a6 4. a3 d6 5. d3 Nc6 6. Nf3 Nf6 7. Bg5 Be7 8. O-O
O-O 9. Re1 b5 10. Ba2 Bb7 11. Qe2 Nd7 12. Bxe7 Qxe7 1/2-1/2

[Event "NB II. Barcza csoport"]
[Site "Debrecen"]
[Date "2024.02.18"]
[Round "4.1"]
[White "Coroian, Sebastian-Dumitru"]
[Black "Bai, Attila"]
[Result "1-0"]
[WhiteElo "2103"]
[BlackElo "2129"]
[PlyCount "65"]
[EventDate "2023.10.08"]
[EventType "team-tourn"]
[EventRounds "9"]
[EventCountry "HUN"]
[Source "chess.hu"]
[WhiteTeam "NYESE"]
[BlackTeam "DEAC-Debr.Sakkiskola"]
[WhiteTeamCountry "HUN"]
[BlackTeamCountry "HUN"]

1. d4 Nf6 2. Bf4 e6 3. e3 c5 4. Nc3 cxd4 5. exd4 d6 6. Qf3 Qb6 7. O-O-O Be7 8.
Nge2 Bd7 9. Rg1 Bc6 10. Qh3 Na6 11. g4 O-O-O 12. g5 Nd5 13. Nxd5 Bxd5 14. Nc3
Nc7 15. Kb1 Kb8 16. Nxd5 Nxd5 17. Bc1 Rc8 18. c4 Nb4 19. Rg3 Qc6 20. Qg4 Rc7
21. a3 Na6 22. Rc3 e5 23. Be3 f6 24. h4 Qe8 25. dxe5 dxe5 26. f4 Bc5 27. Ka2
Bxe3 28. Rxe3 Nc5 29. fxe5 fxe5 30. Rd5 e4 31. Qg3 b6 32. Rxc5 bxc5 33. Rb3+
1-0

[Event "NB II. Barcza csoport"]
[Site "Debrecen"]
[Date "2024.02.18"]
[Round "4.2"]
[White "Kiss, Gergely Dr"]
[Black "Lazin, Robert-Tamas"]
[Result "0-1"]
[WhiteElo "2079"]
[BlackElo "2057"]
[PlyCount "66"]
[EventDate "2023.10.08"]
[EventType "team-tourn"]
[EventRounds "9"]
[EventCountry "HUN"]
[Source "chess.hu"]
[WhiteTeam "DEAC-Debr.Sakkiskola"]
[BlackTeam "NYESE"]
[WhiteTeamCountry "HUN"]
[BlackTeamCountry "HUN"]

1. e4 c6 2. d4 d5 3. Nc3 dxe4 4. Nxe4 Bf5 5. Ng3 Bg6 6. Nf3 Nd7 7. h4 h6 8. h5
Bh7 9. Bd3 Bxd3 10. Qxd3 e6 11. Bf4 Qa5+ 12. Bd2 Bb4 13. c3 Be7 14. Ne4 Ngf6
15. Nxf6+ Nxf6 16. Ne5 Qd5 17. f3 Nd7 18. Ng4 c5 19. Ne3 Qd6 20. d5 O-O-O 21.
c4 Bh4+ 22. Kf1 Bg5 23. Rd1 Nf6 24. Qa3 Kb8 25. b4 exd5 26. bxc5 Qe6 27. cxd5
Nxd5 28. Kf2 Rhe8 29. Rhe1 Nxe3 30. Bxe3 Rxd1 31. Bf4+ Bxf4 32. Rxe6 Rxe6 33.
c6 Rxc6 0-1

[Event "NB II. Barcza csoport"]
[Site "Debrecen"]
[Date "2024.02.18"]
[Round "4.3"]
[White "Gorombei, Balint"]
[Black "Davaademberel, Purevdorj"]
[Result "1-0"]
[WhiteElo "1969"]
[BlackElo "1896"]
[PlyCount "81"]
[EventDate "2023.10.08"]
[EventType "team-tourn"]
[EventRounds "9"]
[EventCountry "HUN"]
[Source "chess.hu"]
[WhiteTeam "NYESE"]
[BlackTeam "DEAC-Debr.Sakkiskola"]
[WhiteTeamCountry "HUN"]
[BlackTeamCountry "HUN"]

1. e4 c5 2. Nf3 Nc6 3. d4 cxd4 4. Nxd4 Nf6 5. Nc3 e5 6. Ndb5 d6 7. Nd5 Nxd5 8.
exd5 Ne7 9. c4 Nf5 10. Bd3 a6 11. Qa4 Bd7 12. Bxf5 axb5 13. Bxd7+ Ke7 14. Qxb5
Qxd7 15. Qxd7+ Kxd7 16. a4 Be7 17. Be3 f5 18. f3 Bf6 19. O-O g5 20. Ra2 h5 21.
b3 f4 22. Bb6 g4 23. a5 Rhg8 24. Kh1 Rgc8 25. Rc2 Bd8 26. Bxd8 Rxd8 27. b4 Rdc8
28. Rfc1 Rc7 29. Kg1 Ra6 30. c5 dxc5 31. Rxc5 Rxc5 32. Rxc5 Rg6 33. Kf1 b6 34.
Rc6 Rxc6 35. dxc6+ Kxc6 36. a6 b5 37. fxg4 hxg4 38. h4 gxh3 39. gxh3 Kb6 40. h4
Kxa6 41. h5 1-0

[Event "NB II. Barcza csoport"]
[Site "Debrecen"]
[Date "2024.02.18"]
[Round "4.4"]
[White "Ats, Laszlo Gyorgy"]
[Black "Gocza, Adam"]
[Result "0-1"]
[WhiteElo "1863"]
[BlackElo "2006"]
[PlyCount "108"]
[EventDate "2023.10.08"]
[EventType "team-tourn"]
[EventRounds "9"]
[EventCountry "HUN"]
[Source "chess.hu"]
[WhiteTeam "DEAC-Debr.Sakkiskola"]
[BlackTeam "NYESE"]
[WhiteTeamCountry "HUN"]
[BlackTeamCountry "HUN"]

1. d4 Nf6 2. h4 d5 3. Bf4 c5 4. e3 Nc6 5. c3 Qb6 6. Qb3 c4 7. Qxb6 axb6 8. Nd2
b5 9. b4 cxb3 10. Nxb3 Ne4 11. Bxb5 Nxc3 12. Bxc6+ bxc6 13. Rc1 Nxa2 14. Rxc6
Nb4 15. Rb6 Nd3+ 16. Ke2 Nxf4+ 17. exf4 e6 18. Nf3 Be7 19. Rc1 Ba6+ 20. Ke3 O-O
21. Nc5 Bc4 22. Nd7 Ra3+ 23. Kd2 Bd8 24. Rb2 Ba5+ 25. Kd1 Rc8 26. Nc5 g6 27.
Ne5 Bc3 28. Nxc4 dxc4 29. Rbc2 Bxd4 30. Ne4 c3 31. Ke2 Bg7 32. f3 f5 33. Ng5
Rd8 34. Rb1 h6 35. Nh3 Ra6 36. Rd1 Rb8 37. Nf2 Rb2 38. Rdc1 Rd6 39. Nd3 Rb5 40.
Rxc3 Bxc3 41. Rxc3 Rb7 42. Rc2 Kg7 43. Ne5 Rdb6 44. Rc8 Rb2+ 45. Kf1 Ra2 46.
Rc1 Kf6 47. Nd3 Rd2 48. Ne1 Rb4 49. g3 Rb3 50. Kg1 Ra3 51. Kf1 Re3 52. Rb1 Ree2
53. Rc1 Rh2 54. Kg1 Rh3 0-1

[Event "NB II. Barcza csoport"]
[Site "Debrecen"]
[Date "2024.02.18"]
[Round "4.5"]
[White "Orso, Janos"]
[Black "Balazs, Marcell"]
[Result "1-0"]
[WhiteElo "1940"]
[BlackElo "1935"]
[PlyCount "163"]
[EventDate "2023.10.08"]
[EventType "team-tourn"]
[EventRounds "9"]
[EventCountry "HUN"]
[Source "chess.hu"]
[WhiteTeam "NYESE"]
[BlackTeam "DEAC-Debr.Sakkiskola"]
[WhiteTeamCountry "HUN"]
[BlackTeamCountry "HUN"]

1. Nf3 d5 2. b3 c5 3. Bb2 Nc6 4. e3 Nf6 5. Be2 Bg4 6. d4 cxd4 7. Nxd4 Bxe2 8.
Qxe2 Qc7 9. O-O e5 10. Nb5 Qb6 11. Nd2 a6 12. Na3 Qa5 13. Nab1 O-O-O 14. Nf3
Qc7 15. Rd1 Bd6 16. h3 Rhe8 17. Qf1 Kb8 18. Nbd2 e4 19. Ne1 Be5 20. c3 g5 21.
Qe2 h5 22. Nf1 g4 23. h4 g3 24. Nxg3 Bxg3 25. fxg3 Qxg3 26. Qf2 Qxf2+ 27. Kxf2
Ng4+ 28. Ke2 Nce5 29. Rac1 Re6 30. c4 Rf6 31. Bxe5+ Nxe5 32. Rxd5 Rxd5 33. cxd5
Ng4 34. Rc3 Rf2+ 35. Kd1 Rxa2 36. Kc1 Ra5 37. Rc4 f5 38. d6 Rd5 39. Nc2 Rxd6
40. Rc5 f4 41. exf4 e3 42. Rxh5 e2 43. Rh8+ Kc7 44. Re8 Rd1+ 45. Kb2 Nf2 46.
Rxe2 Nd3+ 47. Kc3 Nxf4 48. Re7+ Kb6 49. Rg7 Rg1 50. g4 Rh1 51. Rh7 Rh3+ 52. Kc4
Ne2 53. Na3 Rc3+ 54. Kb4 a5+ 55. Ka4 Rg3 56. Nc4+ Ka6 57. Rh6+ Ka7 58. g5 Nd4
59. Nxa5 Rg4 60. Ka3 Nf5 61. Rh7 Rxh4 62. g6 Rg4 63. Nc6+ Ka6 64. Ne5 Re4 65.
Nd7 Rg4 66. Rf7 Rxg6 67. Rxf5 b6 68. Rf6 Rg7 69. Nxb6 Kb5 70. Na4 Rg3 71. Rf5+
Kc6 72. Rc5+ Kd6 73. Rc3 Rg8 74. b4 Rb8 75. Kb3 Kd5 76. Nc5 Rb6 77. Nd3 Kd4 78.
Nb2 Ke4 79. Rd3 Rb7 80. Rd8 Rb6 81. Nd3 Rh6 82. Kc4 1-0

[Event "NB II. Barcza csoport"]
[Site "Debrecen"]
[Date "2024.02.18"]
[Round "4.6"]
[White "Kantor, Sandor Dr"]
[Black "Bekesi, Janos"]
[Result "1/2-1/2"]
[WhiteElo "1799"]
[BlackElo "1905"]
[PlyCount "76"]
[EventDate "2023.10.08"]
[EventType "team-tourn"]
[EventRounds "9"]
[EventCountry "HUN"]
[Source "chess.hu"]
[WhiteTeam "DEAC-Debr.Sakkiskola"]
[BlackTeam "NYESE"]
[WhiteTeamCountry "HUN"]
[BlackTeamCountry "HUN"]

1. e4 c6 2. Nc3 d5 3. f4 dxe4 4. Nxe4 Nf6 5. Nxf6+ exf6 6. Bc4 Be7 7. Nf3 O-O
8. O-O Bg4 9. Kh1 b5 10. Be2 Nd7 11. Nd4 Bxe2 12. Qxe2 Rc8 13. Nf5 Re8 14. Qg4
g6 15. Nxe7+ Qxe7 16. Kg1 Qc5+ 17. Kh1 f5 18. Qd1 Nf6 19. d4 Qd5 20. c3 Re4 21.
Re1 Rce8 22. Bd2 Ng4 23. Qf3 c5 24. Rxe4 Rxe4 25. h3 Nf6 26. Be3 Qe6 27. Bf2
cxd4 28. Bxd4 Nd5 29. g3 a6 30. a3 h5 31. h4 Nf6 32. Bxf6 Qxf6 33. Rd1 Qe6 34.
Rd2 Re3 35. Qf2 Qe4+ 36. Kh2 Re1 37. Qg2 Qe3 38. Qf2 Qe4 1/2-1/2

[Event "NB II. Barcza csoport"]
[Site "Debrecen"]
[Date "2024.02.18"]
[Round "4.7"]
[White "Tumo, Bence"]
[Black "Koncz, Istvan"]
[Result "1/2-1/2"]
[WhiteElo "1863"]
[BlackElo "1809"]
[PlyCount "150"]
[EventDate "2023.10.08"]
[EventType "team-tourn"]
[EventRounds "9"]
[EventCountry "HUN"]
[Source "chess.hu"]
[WhiteTeam "NYESE"]
[BlackTeam "DEAC-Debr.Sakkiskola"]
[WhiteTeamCountry "HUN"]
[BlackTeamCountry "HUN"]

1. e4 c5 2. Nc3 d6 3. g3 Nc6 4. d3 Nf6 5. Be3 e5 6. Bg2 Be7 7. Nge2 Nd4 8. O-O
O-O 9. h3 Rb8 10. f4 b5 11. Qd2 b4 12. Nd1 h6 13. f5 Nh7 14. h4 a5 15. c3 Nc6
16. d4 bxc3 17. bxc3 cxd4 18. cxd4 exd4 19. Nxd4 Ne5 20. Qe2 Nf6 21. Nf2 Bb7
22. a4 Qc8 23. Rfc1 Qd7 24. Nb5 Rfc8 25. g4 Nh7 26. Rd1 Ba6 27. Bf1 Rc6 28. Bf4
f6 29. Qa2+ Kh8 30. Be2 Qb7 31. Nh3 Rbc8 32. Bxe5 fxe5 33. Qf7 Rf8 34. Qd5 Bxb5
35. Bxb5 Qa7+ 36. Kg2 Rc3 37. Rac1 Rxc1 38. Rxc1 Qe3 39. Rf1 Bxh4 40. Rf3 Qb6
41. Rd3 Rd8 42. Qc6 Qb8 43. Rc3 Nf6 44. Kf3 Be1 45. Rc1 Bb4 46. g5 Ng8 47. Qc7
Bd2 48. Qxb8 Rxb8 49. Rc6 hxg5 50. Rxd6 Bc1 51. Rc6 Bd2 52. Rd6 Nf6 53. Rxd2
g4+ 54. Kg2 gxh3+ 55. Kxh3 Nxe4 56. Re2 Ng5+ 57. Kg4 Nf7 58. Rd2 Kg8 59. Rd7
Rd8 60. Ra7 Rd4+ 61. Kg3 Nd6 62. Bd7 Rf4 63. Rxa5 Nxf5+ 64. Kh2 Nd4 65. Rd5 Kf7
66. a5 Kf6 67. a6 Rf2+ 68. Kg3 Ra2 69. Bc8 Nf5+ 70. Kf3 Ra3+ 71. Kf2 g5 72. Rd8
Nd4 73. Rd6+ Ke7 74. Rg6 Kd8 75. Bb7 Kc7 1/2-1/2

[Event "NB II. Barcza csoport"]
[Site "Debrecen"]
[Date "2024.02.18"]
[Round "4.8"]
[White "Radai, Balazs"]
[Black "Palkovics, Balazs"]
[Result "0-1"]
[WhiteElo "1692"]
[BlackElo "1823"]
[PlyCount "40"]
[EventDate "2023.10.08"]
[EventType "team-tourn"]
[EventRounds "9"]
[EventCountry "HUN"]
[Source "chess.hu"]
[WhiteTeam "DEAC-Debr.Sakkiskola"]
[BlackTeam "NYESE"]
[WhiteTeamCountry "HUN"]
[BlackTeamCountry "HUN"]

1. c4 Nf6 2. Nc3 d6 3. g3 c5 4. Bg2 Nc6 5. e3 e5 6. Nge2 Be6 7. d3 Be7 8. O-O
Qd7 9. Re1 O-O 10. a3 d5 11. cxd5 Nxd5 12. Qc2 Rac8 13. Nxd5 Bxd5 14. Bxd5 Qxd5
15. b3 Rfd8 16. Rd1 Bf6 17. Nc3 Qe6 18. Rb1 Nd4 19. Qb2 Nf3+ 20. Kg2 e4 0-1

[Event "NB II. Barcza csoport"]
[Site "Debrecen"]
[Date "2024.02.18"]
[Round "4.9"]
[White "Mozsik, Tamas"]
[Black "Bordos, Janos"]
[Result "1-0"]
[WhiteElo "1763"]
[BlackElo "1600"]
[PlyCount "101"]
[EventDate "2023.10.08"]
[EventType "team-tourn"]
[EventRounds "9"]
[EventCountry "HUN"]
[Source "chess.hu"]
[WhiteTeam "NYESE"]
[BlackTeam "DEAC-Debr.Sakkiskola"]
[WhiteTeamCountry "HUN"]
[BlackTeamCountry "HUN"]

1. e4 c5 2. Nf3 d6 3. d4 cxd4 4. Qxd4 Nc6 5. Bb5 Bd7 6. Bxc6 Bxc6 7. Nc3 Nf6 8.
Bg5 h6 9. Bxf6 gxf6 10. O-O-O Qa5 11. Kb1 Qc5 12. Nh4 Qxd4 13. Rxd4 e6 14. Rhd1
O-O-O 15. f4 Be7 16. f5 Rhg8 17. h3 Rg3 18. R4d3 Rdg8 19. Rxg3 Rxg3 20. Rd3 Rg8
21. g4 h5 22. Rg3 hxg4 23. Kc1 b5 24. b4 d5 25. exd5 exd5 26. a3 Bd6 27. Rxg4
Rxg4 28. hxg4 Bg3 29. Nf3 Kc7 30. Kd2 Kd6 31. Kd3 Be5 32. Nd4 a6 33. Nce2 Bb7
34. Ng1 Bf4 35. Nde2 Be5 36. c3 Ke7 37. Nf3 Kd6 38. Nfd4 Ke7 39. Ke3 Kd6 40.
Nb3 Kc6 41. Ned4+ Bxd4+ 42. Kxd4 Kd6 43. Nc5 Bc8 44. Nd3 Bb7 45. Nf4 Bc6 46.
Nh5 Ke7 47. Kc5 Ba8 48. Nf4 Kd7 49. Nxd5 Bxd5 50. Kxd5 Kc7 51. Kc5 1-0

[Event "NB II. Barcza csoport"]
[Site "Debrecen"]
[Date "2024.02.18"]
[Round "4.10"]
[White "Gajdacs, Jonathan"]
[Black "Laskai, Gabor"]
[Result "0-1"]
[WhiteElo "1447"]
[BlackElo "1654"]
[PlyCount "114"]
[EventDate "2023.10.08"]
[EventType "team-tourn"]
[EventRounds "9"]
[EventCountry "HUN"]
[Source "chess.hu"]
[WhiteTeam "DEAC-Debr.Sakkiskola"]
[BlackTeam "NYESE"]
[WhiteTeamCountry "HUN"]
[BlackTeamCountry "HUN"]

1. d4 d5 2. c4 e6 3. Nc3 c6 4. Nf3 Bd6 5. Bg5 Nf6 6. e3 Nbd7 7. c5 Bc7 8. Qa4
O-O 9. Be2 h6 10. Bh4 e5 11. dxe5 Nxe5 12. Nd4 Ng6 13. Bg3 Re8 14. Bd3 Ne5 15.
Qc2 Nfd7 16. Bxe5 Bxe5 17. Nce2 Qa5+ 18. Qc3 Qxc3+ 19. bxc3 Nxc5 20. Bc2 Bf6
21. h3 g6 22. O-O Kg7 23. Rab1 Ne6 24. Rfc1 Nc7 25. Ba4 Rd8 26. Nxc6 bxc6 27.
Bxc6 Ba6 28. Bxa8 Nxa8 29. Nd4 Rc8 30. Rb3 Bc4 31. Rb7 Bxd4 32. cxd4 Rc7 33.
Rb2 Nb6 34. e4 dxe4 35. Rbc2 Rc8 36. d5 Kf8 37. d6 Ke8 38. Rd2 Bd3 39. Re1 Rc3
40. f3 f5 41. fxe4 Bxe4 42. Rd4 Kd7 43. Re2 Nc4 44. h4 h5 45. Kf2 a5 46. a4 Ne5
47. Rd1 Rc4 48. Ra1 Rd4 49. Ke3 Rxd6 50. Kf4 Ke6 51. Kg5 Rd3 52. Kf4 g5+ 53.
Kxg5 Rg3+ 54. Kxh5 Kf6 55. Rd1 Nf7 56. Rb2 Rxg2 57. Rxg2 Bf3+ 0-1

[Event "NB II. Barcza csoport"]
[Site "Debrecen"]
[Date "2024.02.18"]
[Round "4.11"]
[White "Simon, Ors Attila"]
[Black "Petnehazi, Peter"]
[Result "1-0"]
[WhiteElo "1698"]
[BlackElo "1278"]
[PlyCount "27"]
[EventDate "2023.10.08"]
[EventType "team-tourn"]
[EventRounds "9"]
[EventCountry "HUN"]
[Source "chess.hu"]
[WhiteTeam "NYESE"]
[BlackTeam "DEAC-Debr.Sakkiskola"]
[WhiteTeamCountry "HUN"]
[BlackTeamCountry "HUN"]

1. e4 c6 2. c4 d5 3. cxd5 cxd5 4. exd5 Qxd5 5. Nc3 Qd8 6. d4 Nf6 7. Bc4 g6 8.
Qb3 e6 9. Nf3 Bg7 10. O-O O-O 11. Bg5 Nbd7 12. d5 Nc5 13. Qa3 Qb6 14. Be3 1-0

[Event "NB II. Barcza csoport"]
[Site "Debrecen"]
[Date "2024.02.18"]
[Round "4.12"]
[White "Biro, Csilla"]
[Black "Simon, Virag Boglarka"]
[Result "1-0"]
[WhiteElo "1337"]
[BlackElo "1510"]
[PlyCount "95"]
[EventDate "2023.10.08"]
[EventType "team-tourn"]
[EventRounds "9"]
[EventCountry "HUN"]
[Source "chess.hu"]
[WhiteTeam "DEAC-Debr.Sakkiskola"]
[BlackTeam "NYESE"]
[WhiteTeamCountry "HUN"]
[BlackTeamCountry "HUN"]

1. e4 g6 2. d4 Bg7 3. f4 d6 4. Nc3 a6 5. h3 Nc6 6. Nf3 e5 7. dxe5 dxe5 8. Qxd8+
Kxd8 9. Ng5 Nh6 10. Be3 Bd7 11. Bc4 f6 12. Ne6+ Bxe6 13. Bxe6 f5 14. O-O-O+ Ke7
15. Bd5 Rab8 16. Bc5+ Ke8 17. fxe5 Bxe5 18. exf5 Bf4+ 19. Kb1 Nxf5 20. Rhe1+
Nce7 21. Ne4 Nxd5 22. Nf6+ Kf7 23. Nxd5 Bg3 24. Rf1 b6 25. Bf2 Kg7 26. Bxg3
Nxg3 27. Rf3 Ne4 28. Nxc7 a5 29. Rd7+ Kh6 30. Ne6 Rbe8 31. Nc7 Re5 32. a3 Kg5
33. Rd4 h5 34. Rb3 Rc8 35. Rb5 Nc5 36. Rd5 Kf4 37. Rxe5 Kxe5 38. Na6 Kf4 39.
Nxc5 Rxc5 40. Rxb6 g5 41. Rd6 Kg3 42. Rd2 h4 43. Ka2 Rf5 44. c4 Rf4 45. Rc2 Rf2
46. Rxf2 Kxf2 47. c5 Kxg2 48. c6 1-0

[Event "NB II. Barcza csoport"]
[Site "Hajduboszormeny"]
[Date "2024.03.03"]
[Round "5.1"]
[White "Menyhart, Tibor"]
[Black "Gal, Jozsef Istvan"]
[Result "0-1"]
[WhiteElo "1994"]
[BlackElo "2249"]
[PlyCount "126"]
[EventDate "2023.10.08"]
[EventType "team-tourn"]
[EventRounds "9"]
[EventCountry "HUN"]
[Source "chess.hu"]
[WhiteTeam "DEAC-Debr.Sakkiskola"]
[BlackTeam "Hajduboszormenyi SE"]
[WhiteTeamCountry "HUN"]
[BlackTeamCountry "HUN"]

1. d4 Nf6 2. c4 e6 3. Nc3 d5 4. Bg5 Nbd7 5. Nf3 Be7 6. e3 O-O 7. Qc2 c6 8. Rd1
Re8 9. a3 b6 10. Bd3 Bb7 11. O-O Rc8 12. b4 dxc4 13. Bxc4 a5 14. bxa5 b5 15.
Bxf6 Nxf6 16. Qb3 bxc4 17. Qxb7 Qxa5 18. Qb2 Nd5 19. Nb1 c5 20. e4 Nf4 21. d5
exd5 22. exd5 Bf6 23. Qa2 c3 24. Qc4 Ne2+ 25. Kh1 Nd4 26. d6 c2 27. d7 cxd1=Q
28. Rxd1 Rcd8 29. dxe8=Q+ Rxe8 30. Nbd2 Qxa3 31. h4 h6 32. Rc1 Nxf3 33. Nxf3
Rd8 34. Kh2 Qb4 35. Qxc5 Qf4+ 36. Kh3 g5 37. hxg5 hxg5 38. Nxg5 Qxg5 39. Qxg5+
Bxg5 40. Rc4 Kg7 41. f4 Rd3+ 42. Kg4 Bd8 43. Kf5 Rg3 44. Rc2 Bb6 45. Rb2 Bg1
46. Ra2 Bh2 47. Rc2 Ra3 48. Rc4 Ra5+ 49. Kg4 Kg6 50. Rc6+ f6 51. Rc3 Ra4 52. g3
Bg1 53. Rd3 Bd4 54. Rb3 Ra2 55. Rd3 Bg1 56. f5+ Kh6 57. Rf3 Ra4+ 58. Kh3 Kg5
59. Rf1 Bd4 60. Rf4 Rc4 61. Rf3 Be5 62. Kg2 Kg4 63. Rf2 Bxg3 0-1

[Event "NB II. Barcza csoport"]
[Site "Hajduboszormeny"]
[Date "2024.03.03"]
[Round "5.2"]
[White "Leviczky, Tibor"]
[Black "Balazs, Marcell"]
[Result "0-1"]
[WhiteElo "2280"]
[BlackElo "1937"]
[PlyCount "54"]
[EventDate "2023.10.08"]
[EventType "team-tourn"]
[EventRounds "9"]
[EventCountry "HUN"]
[Source "chess.hu"]
[WhiteTeam "Hajduboszormenyi SE"]
[BlackTeam "DEAC-Debr.Sakkiskola"]
[WhiteTeamCountry "HUN"]
[BlackTeamCountry "HUN"]

1. Nf3 Nf6 2. c4 c6 3. Nc3 d5 4. d4 e6 5. Bg5 dxc4 6. e4 b5 7. e5 h6 8. Bh4 g5
9. Nxg5 hxg5 10. Bxg5 Nbd7 11. exf6 Bb7 12. g3 c5 13. d5 Bh6 14. Bxh6 Rxh6 15.
Bg2 Nxf6 16. Nxb5 Qb6 17. Qa4 Kf8 18. O-O exd5 19. Na3 Rxh2 20. Kxh2 Ng4+ 21.
Kg1 Qh6 22. Rfe1 Qh2+ 23. Kf1 d4 24. f3 Qxg3 25. Re2 d3 26. Qxc4 dxe2+ 27. Qxe2
Ba6 0-1

[Event "NB II. Barcza csoport"]
[Site "Hajduboszormeny"]
[Date "2024.03.03"]
[Round "5.3"]
[White "Nemeth, Mark"]
[Black "Toth, Tamas"]
[Result "0-1"]
[WhiteElo "1843"]
[BlackElo "2212"]
[PlyCount "132"]
[EventDate "2023.10.08"]
[EventType "team-tourn"]
[EventRounds "9"]
[EventCountry "HUN"]
[Source "chess.hu"]
[WhiteTeam "DEAC-Debr.Sakkiskola"]
[BlackTeam "Hajduboszormenyi SE"]
[WhiteTeamCountry "HUN"]
[BlackTeamCountry "HUN"]

1. c4 e5 2. Nc3 Nf6 3. e4 Bb4 4. d3 O-O 5. Bd2 c6 6. Qc2 d5 7. f3 Be6 8. a3 Be7
9. Nh3 h6 10. Nf2 Nbd7 11. Be2 b5 12. b3 Rb8 13. O-O bxc4 14. bxc4 Nc5 15. Rfb1
Qd7 16. Ncd1 dxc4 17. dxc4 Nb3 18. Rxb3 Rxb3 19. Qxb3 Qxd2 20. Kf1 Qd4 21. Rc1
Bc5 22. Qc3 Qd6 23. Nd3 Bd4 24. Qb4 c5 25. Qd2 Rb8 26. Nc3 Bxc4 27. Na4 Bb5 28.
Qc2 c4 29. Nf2 Qxa3 30. Nc3 Ba6 31. Nfd1 Rb3 32. Nb1 Qa5 33. Nd2 Rb4 34. Bxc4
Bxc4+ 35. Nxc4 Qb5 36. Qe2 a5 37. Nd6 Qxe2+ 38. Kxe2 a4 39. Rc8+ Kh7 40. Ra8
Nd7 41. Nxf7 Nb6 42. Ra6 Rb3 43. Nd6 Bc5 44. Nb7 Bg1 45. Na5 Rb5 46. Kd3 Nd7
47. Kc2 Nc5 48. Ra8 Rb4 49. Kc3 Rb1 50. Kc2 Ra1 51. Nc3 Bd4 52. g3 Rh1 53. Ne2
Rxh2 54. Kd1 Rh1+ 55. Kc2 Ra1 56. Nc4 Ra2+ 57. Kd1 Nd3 58. Nxd4 exd4 59. Rd8
Ra1+ 60. Kd2 Nc5 61. Ra8 Ra2+ 62. Kd1 d3 63. Ne5 d2 64. Nc4 Nb3 65. Rd8 Ra1+
66. Ke2 Re1+ 0-1

[Event "NB II. Barcza csoport"]
[Site "Hajduboszormeny"]
[Date "2024.03.03"]
[Round "5.4"]
[White "Ballai, Zsolt"]
[Black "Pocsik, Gergo"]
[Result "1-0"]
[WhiteElo "2217"]
[BlackElo "1873"]
[PlyCount "43"]
[EventDate "2023.10.08"]
[EventType "team-tourn"]
[EventRounds "9"]
[EventCountry "HUN"]
[Source "chess.hu"]
[WhiteTeam "Hajduboszormenyi SE"]
[BlackTeam "DEAC-Debr.Sakkiskola"]
[WhiteTeamCountry "HUN"]
[BlackTeamCountry "HUN"]

1. d4 Nf6 2. c4 e6 3. Nc3 Bb4 4. Nf3 b6 5. Bg5 Bb7 6. e3 c5 7. Bd3 cxd4 8. exd4
d5 9. Qa4+ Nc6 10. cxd5 Qxd5 11. O-O Bxc3 12. bxc3 O-O 13. Bxf6 gxf6 14. Rfe1
f5 15. Rad1 Kh8 16. c4 Qd8 17. d5 exd5 18. cxd5 Qxd5 19. Ba6 Qa5 20. Qh4 Rae8
21. Bxb7 Nd8 22. Rxe8 1-0

[Event "NB II. Barcza csoport"]
[Site "Hajduboszormeny"]
[Date "2024.03.03"]
[Round "5.5"]
[White "Vass, Boglarka"]
[Black "Miklosi, Attila"]
[Result "1-0"]
[WhiteElo "1835"]
[BlackElo "2061"]
[PlyCount "147"]
[EventDate "2023.10.08"]
[EventType "team-tourn"]
[EventRounds "9"]
[EventCountry "HUN"]
[Source "chess.hu"]
[WhiteTeam "DEAC-Debr.Sakkiskola"]
[BlackTeam "Hajduboszormenyi SE"]
[WhiteTeamCountry "HUN"]
[BlackTeamCountry "HUN"]

1. e4 c5 2. d4 cxd4 3. c3 dxc3 4. Nxc3 Nc6 5. Nf3 d6 6. e5 Bg4 7. Bc4 e6 8. O-O
d5 9. Bb5 Bxf3 10. Qxf3 a6 11. Ba4 b5 12. Bb3 Nxe5 13. Qg3 Nc4 14. Re1 Nf6 15.
Bg5 Be7 16. Rad1 O-O 17. Bh6 Ne8 18. Bc2 Nxb2 19. Rd4 Kh8 20. Bc1 Nc4 21. Qh3
g6 22. Bh6 Rg8 23. Qf3 Ncd6 24. Bc1 Rc8 25. Bb2 Bf6 26. Rf4 b4 27. Rxb4 Rb8 28.
Rxb8 Qxb8 29. Rb1 Qc8 30. Bb3 Nc4 31. Bc1 Ne5 32. Qg3 Nd6 33. Bf4 Ndc4 34. Na4
Bg7 35. Rc1 Qd7 36. Nc5 Qb5 37. Na4 Nd7 38. Nc3 Qb4 39. Ne2 e5 40. Bg5 f6 41.
Bh4 g5 42. Qg4 Ndb6 43. Bg3 Qe7 44. Nc3 Rd8 45. h4 Qd7 46. Qe2 gxh4 47. Bxh4
Rc8 48. Rd1 Qe6 49. Nxd5 Nxd5 50. Bxc4 Rd8 51. Qd3 Qg4 52. Bg3 e4 53. Qe2 Qxe2
54. Bxe2 Rd7 55. Bg4 Rd8 56. Be6 Re8 57. Bxd5 Rd8 58. Bb3 Rxd1+ 59. Bxd1 Kg8
60. Be2 a5 61. Bc7 a4 62. Bb5 a3 63. Bd6 Bf8 64. Bc4+ Kg7 65. Bxf8+ Kxf8 66. g4
Ke7 67. Bd5 Kd6 68. Bxe4 h6 69. Kg2 Ke5 70. Kf3 Ke6 71. Kf4 Ke7 72. Bd5 Kf8 73.
Kf5 Kg7 74. f4 1-0

[Event "NB II. Barcza csoport"]
[Site "Hajduboszormeny"]
[Date "2024.03.03"]
[Round "5.6"]
[White "Toth, Janos"]
[Black "Kantor, Sandor Dr"]
[Result "1-0"]
[WhiteElo "2043"]
[BlackElo "1876"]
[PlyCount "61"]
[EventDate "2023.10.08"]
[EventType "team-tourn"]
[EventRounds "9"]
[EventCountry "HUN"]
[Source "chess.hu"]
[WhiteTeam "Hajduboszormenyi SE"]
[BlackTeam "DEAC-Debr.Sakkiskola"]
[WhiteTeamCountry "HUN"]
[BlackTeamCountry "HUN"]

1. d4 Nf6 2. Nf3 g6 3. Bg5 Bg7 4. c3 h6 5. Bh4 O-O 6. Nbd2 d6 7. e4 Nc6 8. Bc4
e5 9. O-O g5 10. dxe5 dxe5 11. Bg3 Qe7 12. b4 Nh5 13. Re1 Nf4 14. Qc2 Be6 15.
Bb5 Nd8 16. Rad1 c6 17. Bf1 f6 18. a3 Nf7 19. c4 a5 20. c5 axb4 21. axb4 Ra2
22. Qc3 Rfa8 23. Nc4 Bxc4 24. Bxc4 R2a3 25. Bb3 Ne6 26. Qc4 Re8 27. Rd3 Raa8
28. Red1 Rad8 29. Qxe6 Qxe6 30. Bxe6 Rxe6 31. Rxd8+ 1-0

[Event "NB II. Barcza csoport"]
[Site "Hajduboszormeny"]
[Date "2024.03.03"]
[Round "5.7"]
[White "Koncz, Istvan"]
[Black "Uzonyi, David"]
[Result "1/2-1/2"]
[WhiteElo "1887"]
[BlackElo "2044"]
[PlyCount "69"]
[EventDate "2023.10.08"]
[EventType "team-tourn"]
[EventRounds "9"]
[EventCountry "HUN"]
[Source "chess.hu"]
[WhiteTeam "DEAC-Debr.Sakkiskola"]
[BlackTeam "Hajduboszormenyi SE"]
[WhiteTeamCountry "HUN"]
[BlackTeamCountry "HUN"]

1. c4 b6 2. Nc3 Bb7 3. d4 f5 4. Nf3 Nf6 5. Bg5 e6 6. e3 Be7 7. a3 a5 8. g3 O-O
9. Bg2 Qe8 10. O-O d6 11. Nb5 Na6 12. h3 Rc8 13. Rb1 c6 14. Nc3 c5 15. d5 exd5
16. Bxf6 Bxf6 17. Nxd5 b5 18. cxb5 Qxb5 19. Nxf6+ Rxf6 20. Ng5 c4 21. Bxb7 Qxb7
22. Qf3 Qxf3 23. Nxf3 Nc5 24. Rfd1 Na4 25. Rd2 Rb8 26. Rc1 Nxb2 27. Rcc2 Nd3
28. Rxc4 Rb1+ 29. Kg2 Nc5 30. Ra2 Rf8 31. Nd4 g6 32. a4 Rfb8 33. Nb5 Nxa4 34.
Rcxa4 R8xb5 35. Rxa5 1/2-1/2